MARC

LEADER 00000nam0a2200000 4500
001 273991
005 20231101234702.0
020 |a RU  |b 87-82404 
035 |a (RuTPU)RU\TPU\book\297201 
090 |a 273991 
100 |a 20141030d1987 k y0rusy5003 ca 
101 0 |a rus 
102 |a MD 
105 |a a z 001zy 
200 1 |a Существование режима электроэнергетической системы  |f М. А. Грицай  |g Академия наук Молдавской ССР (АН МССР) ; под ред. В. М. Пустолатия 
210 |a Кишинев  |c Штиинца  |d 1987 
215 |a 122 с.  |c ил.  |d 22 см 
300 |a На обл. авт. не указан 
320 |a Библиогр.: с. 79-81 (31 назв.) 
606 1 |a Электроэнергетические системы  |x Режимы работы  |2 stltpush  |3 (RuTPU)RU\TPU\subj\21054  |9 46102 
610 1 |a установившийся режим 
610 1 |a уравнения 
610 1 |a электрические сети 
610 1 |a вещественный случай 
610 1 |a комплексный случай 
610 1 |a метод Ньютона 
610 1 |a монографии 
675 |a 621.311.004.13  |z rus  |v 3 
700 1 |a Грицай  |b М. А.  |g Михаил Андреевич  |4 070 
702 1 |a Пустолатий  |b В. М.  |4 340 
712 0 2 |a Академия наук Молдавской ССР (АН МССР)  |2 stltpush  |3 (RuTPU)RU\TPU\col\85 
801 0 |a RU  |b RuMRKP  |c 19950417  |g psbo 
801 1 |a RU  |b 63413507  |c 20141030 
801 2 |a RU  |b 63413507  |c 20170117  |g RCR 
942 |c BK